[Event "Tarragona Province-ch B"]
[Site "Tarragona"]
[Date "2015.11.08"]
[Round "6.4"]
[White "Llaveria Forcadell, Anton"]
[Black "Rius Molina, Cosme"]
[Result "1/2-1/2"]
[WhiteElo "1825"]
[BlackElo "1923"]
[PlyCount "85"]
[EventDate "2015.09.27"]
[EventType "swiss"]
[EventRounds "9"]
[EventCountry "ESP"]
[SourceTitle "EXT 2024"]
[Source "ChessBase"]
[SourceDate "2023.10.10"]
[SourceVersion "1"]
[SourceVersionDate "2023.10.10"]
[SourceQuality "1"]

1. e4 e5 2. Nf3 Nc6 3. Bb5 d6 4. d4 exd4 5. Bxc6+ bxc6 6. Qxd4 c5 7. Qd3 h6 8. 0-0 Ne7 9. b3 Ng6 10. Bb2 Bg4 11. Nbd2 Qd7 12. Rfe1 f6 13. e5 Nxe5 14. Nxe5 fxe5 15. Qg6+ Kd8 16. c4 Bf5 17. Qg3 Rg8 18. Ne4 Bxe4 19. Rxe4 g5 20. Rd1 Qf5 21. Qxe5 Qxe5 22. Bxe5 Kd7 23. Bb2 Bg7 24. Bxg7 Rxg7 25. f4 gxf4 26. Rxf4 Rag8 27. g3 Re7 28. Rf6 h5 29. Rdf1 h4 30. Kg2 hxg3 31. hxg3 Re2+ 32. R1f2 Re3 33. R6f3 Re4 34. Rf7+ Kc6 35. Rh7 Reg4 36. Rf3 a5 37. Kh3 Kb6 38. Rh4 R4g5 39. g4 c6 40. Rf6 d5 41. cxd5 Rxd5 42. Rhh6 Rc8 43. Rf2 1/2-1/2